<?xml version="1.0" encoding="UTF-8"?>
<record
    xmlns:xsi="http://www.w3.org/2001/XMLSchema-instance"
    xsi:schemaLocation="http://www.loc.gov/MARC21/slim http://www.loc.gov/standards/marcxml/schema/MARC21slim.xsd"
    xmlns="http://www.loc.gov/MARC21/slim">

  <leader>01545nam a22002537a 4500</leader>
  <controlfield tag="003">Uzh_bibl</controlfield>
  <controlfield tag="008">260427b        |||||||| |||| 00| 0 ukr d</controlfield>
  <datafield tag="020" ind1=" " ind2=" ">
    <subfield code="a">978-966-575-202-8</subfield>
    <subfield code="c">62.60</subfield>
  </datafield>
  <datafield tag="040" ind1=" " ind2=" ">
    <subfield code="b">&#x443;&#x43A;&#x440;.</subfield>
  </datafield>
  <datafield tag="041" ind1=" " ind2=" ">
    <subfield code="2">ukr</subfield>
    <subfield code="a">ukr</subfield>
  </datafield>
  <datafield tag="080" ind1=" " ind2=" ">
    <subfield code="a">82-1</subfield>
  </datafield>
  <datafield tag="090" ind1=" " ind2=" ">
    <subfield code="a">82-1</subfield>
    <subfield code="b">&#x423; 45</subfield>
  </datafield>
  <datafield tag="100" ind1=" " ind2=" ">
    <subfield code="a">-</subfield>
  </datafield>
  <datafield tag="245" ind1=" " ind2=" ">
    <subfield code="a">&#x423;&#x43A;&#x440;&#x430;&#x457;&#x43D;&#x441;&#x44C;&#x43A;&#x456; &#x434;&#x443;&#x43C;&#x438;.</subfield>
    <subfield code="c">&#x423;&#x43F;&#x43E;&#x440;&#x44F;&#x434;. &#x41E;.&#x41A;. &#x410;&#x440;&#x442;&#x435;&#x43C;&#x435;&#x43D;&#x43A;&#x43E;</subfield>
    <subfield code="h">&#x422;&#x435;&#x43A;&#x441;&#x442;</subfield>
  </datafield>
  <datafield tag="260" ind1=" " ind2=" ">
    <subfield code="a">&#x41A;&#x438;&#x457;&#x432;</subfield>
    <subfield code="b">&#x422;&#x435;&#x445;&#x43D;&#x456;&#x43A;&#x430;</subfield>
    <subfield code="c">2011</subfield>
  </datafield>
  <datafield tag="300" ind1=" " ind2=" ">
    <subfield code="a">160 &#x441;.</subfield>
    <subfield code="b">&#x406;&#x43B;.</subfield>
    <subfield code="f">&#x412; &#x43E;&#x43F;&#x440;.</subfield>
  </datafield>
  <datafield tag="520" ind1=" " ind2=" ">
    <subfield code="a">&#x414;&#x43E; &#x43A;&#x43D;&#x438;&#x436;&#x43A;&#x438; &#x432;&#x432;&#x456;&#x439;&#x448;&#x43B;&#x438; &#x43D;&#x430;&#x439;&#x432;&#x456;&#x434;&#x43E;&#x43C;&#x456;&#x448;&#x456; &#x43D;&#x430;&#x440;&#x43E;&#x434;&#x43D;&#x456; &#x434;&#x443;&#x43C;&#x438;-&#x43D;&#x435;&#x43E;&#x446;&#x456;&#x43D;&#x435;&#x43D;&#x43D;&#x456; &#x43F;&#x430;&#x43C;'&#x44F;&#x442;&#x43A;&#x438; &#x434;&#x443;&#x445;&#x43E;&#x432;&#x43D;&#x43E;&#x457; &#x441;&#x43A;&#x430;&#x440;&#x431;&#x43D;&#x438;&#x446;&#x456; &#x443;&#x43A;&#x440;&#x430;&#x457;&#x43D;&#x441;&#x44C;&#x43A;&#x43E;&#x433;&#x43E; &#x43D;&#x430;&#x440;&#x43E;&#x434;&#x443;, &#x432; &#x44F;&#x43A;&#x438;&#x445; &#x432;&#x456;&#x434;&#x43E;&#x431;&#x440;&#x430;&#x436;&#x435;&#x43D;&#x43E; &#x441;&#x438;&#x43B;&#x443; &#x43D;&#x430;&#x440;&#x43E;&#x434;&#x443;, &#x439;&#x43E;&#x433;&#x43E; &#x43B;&#x44E;&#x431;&#x43E;&#x432; &#x434;&#x43E; &#x411;&#x430;&#x442;&#x44C;&#x43A;&#x456;&#x432;&#x449;&#x438;&#x43D;&#x438;, &#x434;&#x43E;&#x441;&#x432;&#x456;&#x434;, &#x440;&#x43E;&#x437;&#x443;&#x43C;, &#x43F;&#x43E;&#x435;&#x442;&#x438;&#x447;&#x43D;&#x443; &#x433;&#x435;&#x43D;&#x456;&#x430;&#x43B;&#x44C;&#x43D;&#x456;&#x441;&#x442;&#x44C;, &#x432;&#x438;&#x441;&#x43E;&#x43A;&#x443; &#x43C;&#x43E;&#x440;&#x430;&#x43B;&#x44C;&#x43D;&#x456;&#x441;&#x442;&#x44C;. &#x423; "&#x416;&#x438;&#x432;&#x438;&#x445; &#x43B;&#x456;&#x442;&#x43E;&#x43F;&#x438;&#x441;&#x430;&#x445;", &#x449;&#x43E; &#x43F;&#x43E;&#x441;&#x456;&#x434;&#x430;&#x44E;&#x442;&#x44C; &#x432;&#x438;&#x434;&#x430;&#x442;&#x43D;&#x435; &#x43C;&#x456;&#x441;&#x446;&#x435; &#x443; &#x441;&#x432;&#x456;&#x442;&#x43E;&#x432;&#x456;&#x439; &#x43D;&#x430;&#x440;&#x43E;&#x434;&#x43D;&#x456;&#x439; &#x43F;&#x43E;&#x435;&#x437;&#x456;&#x457;, &#x437;&#x43C;&#x430;&#x43B;&#x44C;&#x43E;&#x432;&#x430;&#x43D;&#x43E; &#x433;&#x435;&#x440;&#x43E;&#x457;&#x447;&#x43D;&#x456; &#x456; &#x434;&#x440;&#x430;&#x43C;&#x430;&#x442;&#x438;&#x447;&#x43D;&#x456; &#x43F;&#x43E;&#x434;&#x456;&#x457; &#x456; &#x44F;&#x432;&#x438;&#x449;&#x430; &#x441;&#x443;&#x441;&#x43F;&#x456;&#x43B;&#x44C;&#x43D;&#x43E;&#x433;&#x43E; &#x436;&#x438;&#x442;&#x442;&#x44F;.</subfield>
  </datafield>
  <datafield tag="521" ind1=" " ind2=" ">
    <subfield code="a">&#x414;&#x43B;&#x44F; &#x448;&#x438;&#x440;&#x43E;&#x43A;&#x43E;&#x433;&#x43E; &#x43A;&#x43E;&#x43B;&#x430; &#x447;&#x438;&#x442;&#x430;&#x447;&#x456;&#x432;</subfield>
  </datafield>
  <datafield tag="546" ind1=" " ind2=" ">
    <subfield code="a">&#x443;&#x43A;&#x440;.</subfield>
  </datafield>
  <datafield tag="650" ind1=" " ind2=" ">
    <subfield code="a">&#x41B;&#x456;&#x442;&#x435;&#x440;&#x430;&#x442;&#x443;&#x440;&#x43D;&#x43E;-&#x445;&#x443;&#x434;&#x43E;&#x436;&#x43D;&#x454; &#x432;&#x438;&#x434;&#x430;&#x43D;&#x43D;&#x44F;</subfield>
  </datafield>
  <datafield tag="653" ind1=" " ind2=" ">
    <subfield code="a">&#x411;&#x443;&#x434;&#x435; &#x441;&#x43B;&#x430;&#x432;&#x430; &#x43F;&#x43E;&#x43C;&#x435;&#x436; &#x43A;&#x43E;&#x437;&#x430;&#x43A;&#x430;&#x43C;&#x438;.</subfield>
    <subfield code="a">&#x41A;&#x43E;&#x437;&#x430;&#x446;&#x44C;&#x43A;&#x435; &#x436;&#x438;&#x442;&#x442;&#x44F;.</subfield>
    <subfield code="a">&#x412;&#x438;&#x434;&#x430;&#x442;&#x43D;&#x456; &#x433;&#x435;&#x442;&#x44C;&#x43C;&#x430;&#x43D;&#x438;.</subfield>
    <subfield code="a">&#x427;&#x443;&#x436;&#x438;&#x43D;&#x430;.</subfield>
  </datafield>
  <datafield tag="655" ind1=" " ind2=" ">
    <subfield code="a">&#x406;&#x441;&#x442;&#x43E;&#x440;&#x438;&#x447;&#x43D;&#x430; &#x43F;&#x43E;&#x435;&#x437;&#x456;&#x44F;</subfield>
    <subfield code="v">&#x417;&#x431;&#x456;&#x440;&#x43D;&#x438;&#x43A;</subfield>
  </datafield>
  <datafield tag="942" ind1=" " ind2=" ">
    <subfield code="2">udc</subfield>
    <subfield code="c">BK</subfield>
  </datafield>
  <datafield tag="999" ind1=" " ind2=" ">
    <subfield code="c">17532</subfield>
    <subfield code="d">17532</subfield>
  </datafield>
  <datafield tag="952" ind1=" " ind2=" ">
    <subfield code="0">0</subfield>
    <subfield code="1">0</subfield>
    <subfield code="2">udc</subfield>
    <subfield code="4">0</subfield>
    <subfield code="7">0</subfield>
    <subfield code="a">MBdD</subfield>
    <subfield code="b">MBdD</subfield>
    <subfield code="c">CHP</subfield>
    <subfield code="d">2026-04-27</subfield>
    <subfield code="i">62175</subfield>
    <subfield code="l">0</subfield>
    <subfield code="o">82-1</subfield>
    <subfield code="p">16619</subfield>
    <subfield code="r">2026-04-27</subfield>
    <subfield code="w">2026-04-27</subfield>
    <subfield code="y">BK</subfield>
  </datafield>
</record>
